| 000 | 01346nam a2200337Ia 4500 | ||
|---|---|---|---|
| 001 | ebr10391884 | ||
| 003 | CaPaEBR | ||
| 006 | m u | ||
| 007 | cr cn||||||||| | ||
| 008 | 980610s1998 ne sb 001 0 eng d | ||
| 010 | _z 98159146 | ||
| 020 | _z9789053562758 | ||
| 020 | _z9053562753 | ||
| 040 |
_aCaPaEBR _cCaPaEBR |
||
| 035 | _a(OCoLC)302054360 | ||
| 050 | 1 | 4 |
_aKKM4058 _b.G74 1998eb |
| 100 | 1 |
_aGriffiths, John, _cprofessor of sociology of law. |
|
| 245 | 1 | 0 |
_aEuthanasia and law in the Netherlands _h[electronic resource] / _cJohn Griffiths, Alex Bood, Heleen Weyers. |
| 246 | 3 | _aEuthanasia & law in the Netherlands | |
| 260 |
_aAmsterdam : _bAmsterdam University Press, _c1998. |
||
| 300 | _axv, 382 p. | ||
| 504 | _aIncludes bibliographical references (p. [353]-375) and index. | ||
| 533 |
_aElectronic reproduction. _bPalo Alto, Calif. : _cebrary, _d2010. _nAvailable via World Wide Web. _nAccess may be limited to ebrary affiliated libraries. |
||
| 650 | 0 |
_aEuthanasia _xLaw and legislation _zNetherlands. |
|
| 650 | 0 |
_aMedical ethics _zNetherlands. |
|
| 655 | 7 |
_aElectronic books. _2local |
|
| 700 | 1 | _aBood, Alex. | |
| 700 | 1 | _aWeyers, Heleen. | |
| 710 | 2 | _aebrary, Inc. | |
| 856 | 4 | 0 |
_uhttp://site.ebrary.com/lib/rucke/Doc?id=10391884 _zAn electronic book accessible through the World Wide Web; click to view |
| 999 |
_c89555 _d89555 |
||